000 00932nam a22002057a 4500
003 OSt
005 20160620105639.0
008 150407b slv spa
040 _cBMC
082 _a370
100 1 _935074
_aSermeño, Jessica Elizabeth
245 1 0 _aDesarrollo curricular del programa de educación artística
_b: Informe final de proyecto
_cJessica Elizabeth Sermeño
260 _aSanta Ana (El Salvador)
_bUniversidad Católica de El Salvador
_c2009
300 _a1 v. (pág. var.)
_bil. col.
_c28 cm
_e+ 1 disco compacto
500 _aPrecede al tít.: Universidad Católica de El Salvador, Facultad de Ciencias y Humanidades
502 _aTrabajo de graduación para optar al grado académico de Licenciatura en Ciencias de la Educación especialidad en Parvularia
650 0 _9472
_aEducación
710 0 _91075
_aUniversidad Católica de El Salvador
_bFacultad de Ciencias y Humanidades
942 _2ddc
_cTG
999 _c21988
_d21988